| 000 | 01042nam a22002057a 4500 | ||
|---|---|---|---|
| 005 | 20210325191241.0 | ||
| 008 | s2537 th tha d | ||
| 041 | _atha | ||
| 090 | _aว KD252.3 ก462บ 2537 | ||
| 245 | 1 | 0 | _aบทบาทของสมาชิกสภาผู้แทนราษฎรในการประสานงานกับข้าราชการส่วนภูมิภาคระดับอำเภอในการให้บริการประชาชน |
| 260 | 3 |
_aม.ป.ท. : _bกรมการปกครอง, _c2537 |
|
| 300 |
_a129 หน้า : _b ตาราง ; _c 29 ซม. |
||
| 650 | 0 | 4 | _aการบริการประชาชน |
| 650 | 0 | 4 | _aข้าราชการส่วนภูมิภาค |
| 650 | 0 | 4 | _aสมาชิกสภาผู้แทนราษฎร -- บทบาท |
| 850 | _aNALT | ||
| 942 | _cRSH | ||
| 997 |
_c000000000027868 _kVC |
||
| 998 | _aนางสาวสายฝน ดีงาม | ||
| 999 |
_c27868 _d27868 |
||